| 000 | 00442nam a22001697a 4500 | ||
|---|---|---|---|
| 003 | SGT | ||
| 020 | _a9780131257821 | ||
| 082 |
_a610.73 _bP21P |
||
| 100 | _aPOTTER, PATRICIA A. | ||
| 245 | _aPOTTER & PERRY'S FOUNDAMENTAL OF NURSING | ||
| 250 | _a3RD S.A. | ||
| 260 |
_aINDIA _bELSEVIER PUB _c2021 |
||
| 300 | _a1342 | ||
| 650 | _a FUNDAMENTAL OF NURSING | ||
| 653 | _aPOTTER & PERRY'S FOUNDAMENTAL OF NURSING | ||
| 942 |
_2ddc _cBK _044 |
||
| 999 |
_c24960 _d24960 |
||